Stratégie a opatrenia pre boj s klimatickými zmenami na úrovni štátu bakalárska práca

Enregistré dans:
Détails bibliographiques
Auteur principal: Jandová, Michaela
Collectivité auteur: Fakulta medzinárodných vzťahov EU. Katedra medzinárodných ekonomických vzťahov a hospodárskej diplomacie
Autres auteurs: Černota, Mikuláš, 1979-
Format: Livre
Langue:slovaque
Publié: Bratislava 2012
Tags: Ajouter un tag
Pas de tags, Soyez le premier à ajouter un tag!

MARC

LEADER 00000nbm a2200000 4500
001 0153661
005 20161109111801.5
041 0 |a slo 
044 |a SK 
245 1 0 |a Stratégie a opatrenia pre boj s klimatickými zmenami na úrovni štátu  |b bakalárska práca  |c Michaela Jandová ; školiteľ: Mikuláš Černota 
264 1 |a Bratislava  |c 2012 
300 |a 53 s. 
100 1 |a Jandová, Michaela 
700 1 |a Černota, Mikuláš, 1979- 
710 2 |a Fakulta medzinárodných vzťahov EU. Katedra medzinárodných ekonomických vzťahov a hospodárskej diplomacie